[Event "56th Rubinstein Memorial A 2020"]
[Site "Polanica Zdroj"]
[Date "2020.08.19"]
[Round "5.3"]
[White "Dahl, Christoph"]
[Black "Cukrowski, Filip"]
[Result "1/2-1/2"]
[WhiteElo "2228"]
[BlackElo "2419"]
[Annotator "ChessBase"]
[PlyCount "93"]
[EventDate "2020.08.15"]
[EventType "swiss"]
[EventCountry "POL"]
[SourceTitle "playchess.com"]
[Source "ChessBase"]
[SourceQuality "1"]
[TimeControl "40/5400+30:1800+30"]

1. e4 {[%emt 0:00:00]} c5 {[%emt 0:03:54]} 2. Nf3 {[%emt 0:01:09]} Nc6 {[%emt 0:00:15]} 3. d4 {[%emt 0:00:38]} cxd4 {[%emt 0:00:06]} 4. Nxd4 {[%emt 0:00:18]} Qb6 {[%emt 0:00:06]} 5. Nb3 {[%emt 0:01:05]} Nf6 {[%emt 0:00:08]} 6. Nc3 {[%emt 0:00:40]} e6 {[%emt 0:00:07]} 7. Bd3 {[%emt 0:00:48]} a6 {[%emt 0:00:26]} 8. O-O {[%emt 0:00:46]} d6 {[%emt 0:00:29]} 9. Qe2 {[%emt 0:03:08]} Be7 {[%emt 0:00:20]} 10. Kh1 {[%emt 0:01:34]} Qc7 {[%emt 0:00:34]} 11. Bd2 {[%emt 0:00:56]} b5 {[%emt 0:00:18]} 12. a4 {[%emt 0:03:11]} b4 {[%emt 0:03:10]} 13. Na2 {[%emt 0:00:58]} d5 {[%emt 0:00:33]} 14. exd5 {[%emt 0:00:52]} Nxd5 {[%emt 0:00:06]} 15. c3 {[%emt 0:01:18]} Bb7 {[%emt 0:06:49]} 16. Nxb4 {[%emt 0:04:51]} Ncxb4 {[%emt 0:04:33]} 17. cxb4 {[%emt 0:00:12]} Bxb4 {[%emt 0:02:11]} 18. Bxb4 {[%emt 0:16:21]} Nxb4 {[%emt 0:27:26]} 19. Rac1 {[%emt 0:02:45]} Qe7 {[%emt 0:01:58]} 20. Nc5 {[%emt 0:03:16]} Nxd3 {[%emt 0:00:52]} 21. Qxd3 {[%emt 0:00:50]} O-O {[%emt 0:00:34]} 22. Qd7 {[%emt 0:13:05]} Qxd7 {[%emt 0:05:45]} 23. Nxd7 {[%emt 0:00:05]} Rfd8 {[%emt 0:01:09]} 24. Nb6 {[%emt 0:01:54]} Rab8 {[%emt 0:00:07]} 25. Rfd1 {[%emt 0:02:22]} Bd5 {[%emt 0:03:58]} 26. a5 {[%emt 0:00:55]} Bb3 {[%emt 0:00:32]} 27. Rd7 {[%emt 0:04:18]} Rxd7 {[%emt 0:02:11]} 28. Nxd7 {[%emt 0:00:07]} Rd8 {[%emt 0:00:14]} 29. Nc5 {[%emt 0:00:23]} Bc4 {[%emt 0:00:13]} 30. Nb7 {[%emt 0:01:33]} Rd7 {[%emt 0:00:09]} 31. b3 {[%emt 0:00:37]} Rxb7 {[%emt 0:00:09]} 32. Rxc4 {[%emt 0:00:16]} g5 {[%emt 0:00:59]} 33. g3 {[%emt 0:00:58]} Rxb3 {[%emt 0:00:31]} 34. Rc6 {[%emt 0:00:05]} Ra3 {[%emt 0:00:28]} 35. Rxa6 {[%emt 0:00:04]} g4 {[%emt 0:00:55]} 36. Kg2 {[%emt 0:01:18]} Ra2 {[%emt 0:00:26]} 37. Ra8+ {[%emt 0:01:21]} Kg7 {[%emt 0:00:04]} 38. a6 {[%emt 0:02:20]} Ra1 {[%emt 0:02:31]} 39. a7 {[%emt 0:02:18]} h5 {[%emt 0:01:27]} 40. h3 {[%emt 0:00:00]} e5 {[%emt 0:00:00]} 41. hxg4 {[%emt 0:01:33]} hxg4 {[%emt 0:02:29]} 42. Re8 {[%emt 0:00:06]} Rxa7 {[%emt 0:00:05]} 43. Rxe5 {[%emt 0:00:04]} Kg6 {[%emt 0:00:28]} 44. Rc5 {[%emt 0:00:14]} Ra1 {[%emt 0:00:16]} 45. Rc6+ {[%emt 0:00:23]} f6 {[%emt 0:00:11]} 46. Rc4 {[%emt 0:00:11]} f5 {[%emt 0:00:10]} 47. Rc2 {[%emt 0:00:45]} 1/2-1/2

[Event "56th Rubinstein Memorial A 2020"]
[Site "Polanica Zdroj"]
[Date "2020.08.19"]
[Round "5.4"]
[White "Sabuk, Piotr"]
[Black "Kucza, Karol"]
[Result "1-0"]
[WhiteElo "2377"]
[BlackElo "2245"]
[Annotator "ChessBase"]
[PlyCount "71"]
[EventDate "2020.08.15"]
[EventType "swiss"]
[EventCountry "POL"]
[SourceTitle "playchess.com"]
[Source "ChessBase"]
[SourceQuality "1"]
[TimeControl "40/5400+30:1800+30"]

1. e4 {[%emt 0:00:00]} e5 {[%emt 0:00:37]} 2. Nf3 {[%emt 0:00:00]} Nc6 {[%emt 0:00:03]} 3. Nc3 {[%emt 0:00:00]} Nf6 {[%emt 0:00:08]} 4. Bb5 {[%emt 0:00:00]} Nd4 {[%emt 0:00:06]} 5. O-O {[%emt 0:00:27]} Nxb5 {[%emt 0:05:33]} 6. Nxb5 {[%emt 0:01:14]} c6 {[%emt 0:00:05]} 7. Nc3 {[%emt 0:00:14]} d6 {[%emt 0:00:04]} 8. d4 {[%emt 0:00:16]} Qc7 {[%emt 0:00:08]} 9. Bg5 {[%emt 0:00:20]} Be7 {[%emt 0:00:10]} 10. a4 {[%emt 0:01:31]} Bg4 {[%emt 0:06:03]} 11. Bxf6 {[%emt 0:08:31]} Bxf6 {[%emt 0:03:05]} 12. d5 {[%emt 0:00:10]} Be7 {[%emt 0:10:04]} 13. Qd3 {[%emt 0:06:35]} O-O {[%emt 0:09:41]} 14. Nd2 {[%emt 0:05:14]} Bd7 {[%emt 0:05:17]} 15. Nc4 {[%emt 0:10:52]} b5 {[%emt 0:07:44]} 16. Ne3 {[%emt 0:10:20]} b4 {[%emt 0:01:47]} 17. dxc6 {[%emt 0:02:37]} bxc3 {[%emt 0:00:13]} 18. Nd5 {[%emt 0:00:37]} Qd8 {[%emt 0:00:06]} 19. cxd7 {[%emt 0:01:24]} cxb2 {[%emt 0:00:05]} 20. Ra2 {[%emt 0:01:14]} Rb8 {[%emt 0:01:41]} 21. Rb1 {[%emt 0:00:57]} Qxd7 {[%emt 0:00:13]} 22. Raxb2 {[%emt 0:00:44]} Rxb2 {[%emt 0:00:07]} 23. Rxb2 {[%emt 0:00:05]} Bd8 {[%emt 0:17:18]} 24. Qc4 {[%emt 0:13:11]} Qg4 {[%emt 0:03:00]} 25. Rb1 {[%emt 0:01:43]} h5 {[%emt 0:11:30]} 26. h3 {[%emt 0:09:27]} Qd7 {[%emt 0:00:31]} 27. Rb5 {[%emt 0:11:16]} h4 {[%emt 0:03:21]} 28. Qb3 {[%emt 0:05:21]} Qc6 {[%emt 0:03:29]} 29. Rb8 {[%emt 0:03:06]} Kh7 {[%emt 0:03:29]} 30. c3 {[%emt 0:00:39]} Rg8 {[%emt 0:04:06]} 31. a5 {[%emt 0:05:50]} Qc5 {[%emt 0:03:42]} 32. Qd1 {[%emt 0:00:46]} g6 {[%emt 0:00:11]} 33. Qf3 {[%emt 0:00:27]} Rf8 {[%emt 0:02:00]} 34. Rxd8 {[%emt 0:00:34]} Rxd8 {[%emt 0:00:05]} 35. Qxf7+ {[%emt 0:00:05]} Kh6 {[%emt 0:00:21]} 36. Ne7 {[%emt 0:00:29]} 1-0

[Event "56th Rubinstein Memorial A 2020"]
[Site "Polanica Zdroj"]
[Date "2020.08.19"]
[Round "5.5"]
[White "Golecki, Jan"]
[Black "Goluch, Piotr"]
[Result "1/2-1/2"]
[WhiteElo "2106"]
[BlackElo "2376"]
[Annotator "ChessBase"]
[PlyCount "82"]
[EventDate "2020.08.15"]
[EventType "swiss"]
[EventCountry "POL"]
[SourceTitle "playchess.com"]
[Source "ChessBase"]
[SourceQuality "1"]
[TimeControl "40/5400+30:1800+30"]

1. e4 {[%emt 0:00:00]} c6 {[%emt 0:00:00]} 2. d4 {[%emt 0:00:00]} d5 {[%emt 0:00:00]} 3. exd5 {[%emt 0:00:00]} cxd5 {[%emt 0:00:00]} 4. Bd3 {[%emt 0:00:00]} Nc6 {[%emt 0:00:00]} 5. c3 {[%emt 0:00:00]} Nf6 {[%emt 0:00:00]} 6. Bf4 {[%emt 0:00:00]} Bg4 {[%emt 0:00:00]} 7. Qb3 {[%emt 0:00:00]} Na5 {[%emt 0:01:19]} 8. Qa4+ {[%emt 0:00:07]} Bd7 {[%emt 0:00:02]} 9. Qc2 {[%emt 0:00:04]} Qb6 {[%emt 0:00:18]} 10. a4 {[%emt 0:00:03]} Rc8 {[%emt 0:00:44]} 11. Nd2 {[%emt 0:15:28]} Nc4 {[%emt 0:00:31]} 12. Ra2 {[%emt 0:01:29]} Nxd2 {[%emt 0:04:00]} 13. Bxd2 {[%emt 0:07:32]} Ne4 {[%emt 0:15:52]} 14. Nf3 {[%emt 0:00:06]} Nxd2 {[%emt 0:00:16]} 15. Qxd2 {[%emt 0:03:45]} f6 {[%emt 0:03:00]} 16. O-O {[%emt 0:00:56]} e6 {[%emt 0:01:01]} 17. b3 {[%emt 0:11:52]} Bd6 {[%emt 0:17:01]} 18. c4 {[%emt 0:02:52]} Qb4 {[%emt 0:08:16]} 19. Qc2 {[%emt 0:14:11]} Kf7 {[%emt 0:01:10]} 20. Nh4 {[%emt 0:04:04]} g5 {[%emt 0:04:06]} 21. Nf3 {[%emt 0:09:06]} Kg7 {[%emt 0:00:04]} 22. Qe2 {[%emt 0:02:46]} h5 {[%emt 0:05:50]} 23. c5 {[%emt 0:01:14]} Bb8 {[%emt 0:08:56]} 24. Bb5 {[%emt 0:02:45]} Bxb5 {[%emt 0:00:06]} 25. axb5 {[%emt 0:03:56]} Qxb3 {[%emt 0:02:33]} 26. Rb2 {[%emt 0:00:29]} Qc3 {[%emt 0:00:06]} 27. Rc2 {[%emt 0:00:31]} Qa5 {[%emt 0:00:22]} 28. Qxe6 {[%emt 0:00:25]} Qc7 {[%emt 0:00:05]} 29. g3 {[%emt 0:10:04]} Qf7 {[%emt 0:01:02]} 30. Qf5 {[%emt 0:01:54]} Rhe8 {[%emt 0:00:53]} 31. Re1 {[%emt 0:01:16]} Rxe1+ {[%emt 0:00:13]} 32. Nxe1 {[%emt 0:00:01]} Re8 {[%emt 0:02:08]} 33. Nf3 {[%emt 0:00:27]} Qe6 {[%emt 0:06:05]} 34. Qxe6 {[%emt 0:04:11]} Rxe6 {[%emt 0:00:01]} 35. Nd2 {[%emt 0:00:41]} Re1+ {[%emt 0:01:25]} 36. Kg2 {[%emt 0:00:09]} Kf7 {[%emt 0:01:59]} 37. Nf1 {[%emt 0:03:09]} Ke6 {[%emt 0:07:22]} 38. c6 {[%emt 0:00:56]} bxc6 {[%emt 0:00:04]} 39. Rxc6+ {[%emt 0:00:03]} Kf5 {[%emt 0:04:24]} 40. Ne3+ {[%emt 0:00:00]} Ke4 {[%emt 0:00:00]} 41. b6 {[%emt 0:03:23]} Rb1 {[%emt 0:05:13]} 1/2-1/2

[Event "56th Rubinstein Memorial A 2020"]
[Site "Polanica Zdroj"]
[Date "2020.08.19"]
[Round "5.6"]
[White "Pultinevicius, Paulius"]
[Black "Balinski, Damian"]
[Result "1-0"]
[WhiteElo "2512"]
[BlackElo "2136"]
[Annotator "ChessBase"]
[PlyCount "93"]
[EventDate "2020.08.15"]
[EventType "swiss"]
[EventCountry "POL"]
[SourceTitle "playchess.com"]
[Source "ChessBase"]
[SourceQuality "1"]
[TimeControl "40/5400+30:1800+30"]

1. d4 {[%emt 0:00:00]} Nf6 {[%emt 0:00:00]} 2. c4 {[%emt 0:00:00]} g6 {[%emt 0:00:00]} 3. Nf3 {[%emt 0:00:00]} Bg7 {[%emt 0:00:00]} 4. g3 {[%emt 0:00:00]} d6 {[%emt 0:00:00]} 5. Bg2 {[%emt 0:00:00]} O-O {[%emt 0:00:00]} 6. O-O {[%emt 0:00:04]} c6 {[%emt 0:00:00]} 7. Nc3 {[%emt 0:00:06]} Qa5 {[%emt 0:00:11]} 8. Bd2 {[%emt 0:00:06]} Qh5 {[%emt 0:00:17]} 9. Qb3 {[%emt 0:00:06]} b6 {[%emt 0:10:01]} 10. Rfd1 {[%emt 0:05:01]} Bh3 {[%emt 0:13:20]} 11. Bh1 {[%emt 0:07:30]} h6 {[%emt 0:02:05]} 12. a4 {[%emt 0:04:30]} Nbd7 {[%emt 0:05:26]} 13. a5 {[%emt 0:01:32]} bxa5 {[%emt 0:15:04]} 14. Ra3 {[%emt 0:10:06]} Nb6 {[%emt 0:20:29]} 15. Qa2 {[%emt 0:03:55]} a4 {[%emt 0:00:08]} 16. Nxa4 {[%emt 0:01:02]} Nxa4 {[%emt 0:00:07]} 17. Rxa4 {[%emt 0:00:07]} Ne4 {[%emt 0:00:19]} 18. Ra5 {[%emt 0:02:41]} e5 {[%emt 0:03:21]} 19. Be3 {[%emt 0:03:00]} f5 {[%emt 0:06:28]} 20. dxe5 {[%emt 0:04:10]} dxe5 {[%emt 0:00:29]} 21. Rxa7 {[%emt 0:12:31]} Rxa7 {[%emt 0:01:33]} 22. Bxa7 {[%emt 0:03:17]} f4 {[%emt 0:02:13]} 23. Qa5 {[%emt 0:00:12]} Qg4 {[%emt 0:09:26]} 24. Nh4 {[%emt 0:09:41]} fxg3 {[%emt 0:01:33]} 25. hxg3 {[%emt 0:00:15]} Nxg3 {[%emt 0:03:37]} 26. fxg3 {[%emt 0:00:04]} Qxg3+ {[%emt 0:00:09]} 27. Ng2 {[%emt 0:00:32]} e4 {[%emt 0:04:37]} 28. Rd8 {[%emt 0:00:42]} Be5 {[%emt 0:01:30]} 29. Rxf8+ {[%emt 0:00:07]} Kxf8 {[%emt 0:00:02]} 30. Qa3+ {[%emt 0:00:18]} Kf7 {[%emt 0:01:24]} 31. Qxg3 {[%emt 0:00:08]} Bxg3 {[%emt 0:00:05]} 32. b4 {[%emt 0:01:35]} Ke6 {[%emt 0:01:00]} 33. Ne3 {[%emt 0:00:24]} Bd6 {[%emt 0:00:24]} 34. Bxe4 {[%emt 0:00:33]} Bxb4 {[%emt 0:00:10]} 35. Bxg6 {[%emt 0:00:41]} Ke5 {[%emt 0:00:38]} 36. Kf2 {[%emt 0:01:44]} Be6 {[%emt 0:00:39]} 37. Kf3 {[%emt 0:00:48]} c5 {[%emt 0:00:33]} 38. Bb8+ {[%emt 0:02:18]} Kd4 {[%emt 0:00:30]} 39. Kf4 {[%emt 0:00:17]} Kc3 {[%emt 0:00:37]} 40. Bd3 {[%emt 0:00:00]} Kb3 {[%emt 0:00:00]} 41. Bd6 {[%emt 0:02:41]} Bf7 {[%emt 0:07:04]} 42. Nd5 {[%emt 0:01:49]} Ba3 {[%emt 0:00:29]} 43. Kf5 {[%emt 0:00:08]} h5 {[%emt 0:01:56]} 44. e4 {[%emt 0:00:58]} Bg8 {[%emt 0:01:23]} 45. Nf6 {[%emt 0:02:01]} Bxc4 {[%emt 0:08:18]} 46. Bxc4+ {[%emt 0:00:03]} Kxc4 {[%emt 0:00:05]} 47. e5 {[%emt 0:00:04]} 1-0

[Event "56th Rubinstein Memorial A 2020"]
[Site "Polanica Zdroj"]
[Date "2020.08.19"]
[Round "5.7"]
[White "Luch, Michal"]
[Black "Wisniewski, Michal"]
[Result "1-0"]
[WhiteElo "2409"]
[BlackElo "2127"]
[Annotator "ChessBase"]
[PlyCount "25"]
[EventDate "2020.08.15"]
[EventType "swiss"]
[EventCountry "POL"]
[SourceTitle "playchess.com"]
[Source "ChessBase"]
[SourceQuality "1"]
[TimeControl "40/5400+30:1800+30"]

1. Nf3 {[%emt 0:00:00]} d5 {[%emt 0:10:39]} 2. d4 {[%emt 0:00:17]} c6 {[%emt 0:00:44]} 3. c4 {[%emt 0:00:10]} e6 {[%emt 0:00:15]} 4. Qc2 {[%emt 0:00:21]} Nf6 {[%emt 0:00:40]} 5. Nbd2 {[%emt 0:00:07]} Qa5 {[%emt 0:00:45]} 6. g3 {[%emt 0:03:15]} Be7 {[%emt 0:09:39]} 7. Bg2 {[%emt 0:00:09]} dxc4 {[%emt 0:00:16]} 8. Qxc4 {[%emt 0:03:15]} O-O {[%emt 0:01:23]} 9. O-O {[%emt 0:00:10]} Nbd7 {[%emt 0:00:02]} 10. Qc2 {[%emt 0:05:34]} Qa6 {[%emt 0:05:11]} 11. Nc4 {[%emt 0:13:49]} b5 {[%emt 0:00:35]} 12. Nce5 {[%emt 0:00:37]} Bb7 {[%emt 0:00:04]} 13. Ng5 {[%emt 0:03:41]} 1-0

[Event "56th Rubinstein Memorial A 2020"]
[Site "Polanica Zdroj"]
[Date "2020.08.19"]
[Round "5.8"]
[White "Praczukowski, Stanislaw"]
[Black "Marszalek, Maciej"]
[Result "1/2-1/2"]
[WhiteElo "2132"]
[BlackElo "2315"]
[Annotator "ChessBase"]
[PlyCount "92"]
[EventDate "2020.08.15"]
[EventType "swiss"]
[EventCountry "POL"]
[SourceTitle "playchess.com"]
[Source "ChessBase"]
[SourceQuality "1"]
[TimeControl "40/5400+30:1800+30"]

1. e4 {[%emt 0:00:00]} e5 {[%emt 0:00:00]} 2. Nf3 {[%emt 0:00:00]} Nc6 {[%emt 0:00:00]} 3. Bb5 {[%emt 0:00:20]} a6 {[%emt 0:00:02]} 4. Ba4 {[%emt 0:00:07]} Nf6 {[%emt 0:00:10]} 5. O-O {[%emt 0:00:34]} Be7 {[%emt 0:00:32]} 6. Re1 {[%emt 0:00:23]} b5 {[%emt 0:00:11]} 7. Bb3 {[%emt 0:00:05]} O-O {[%emt 0:00:09]} 8. c3 {[%emt 0:00:27]} d5 {[%emt 0:05:27]} 9. exd5 {[%emt 0:00:51]} Nxd5 {[%emt 0:02:30]} 10. Nxe5 {[%emt 0:00:34]} Nxe5 {[%emt 0:00:06]} 11. Rxe5 {[%emt 0:00:06]} c6 {[%emt 0:02:05]} 12. d4 {[%emt 0:00:12]} Bd6 {[%emt 0:00:11]} 13. Re1 {[%emt 0:00:09]} Qh4 {[%emt 0:01:23]} 14. g3 {[%emt 0:00:08]} Qh3 {[%emt 0:00:11]} 15. Re4 {[%emt 0:01:39]} g5 {[%emt 0:02:08]} 16. Qf1 {[%emt 0:07:16]} Qxf1+ {[%emt 0:09:03]} 17. Kxf1 {[%emt 0:00:08]} Bh3+ {[%emt 0:00:18]} 18. Kg1 {[%emt 0:08:17]} Rae8 {[%emt 0:23:15]} 19. Rxe8 {[%emt 0:17:30]} Rxe8 {[%emt 0:00:02]} 20. Bd2 {[%emt 0:00:07]} Nb6 {[%emt 0:05:16]} 21. Be3 {[%emt 0:07:30]} Nd5 {[%emt 0:06:28]} 22. Bxd5 {[%emt 0:05:13]} cxd5 {[%emt 0:00:02]} 23. Nd2 {[%emt 0:03:25]} h6 {[%emt 0:00:21]} 24. Re1 {[%emt 0:04:11]} f6 {[%emt 0:02:55]} 25. f3 {[%emt 0:03:22]} Bf5 {[%emt 0:02:12]} 26. Bf2 {[%emt 0:00:25]} Rc8 {[%emt 0:00:30]} 27. g4 {[%emt 0:01:37]} Bd7 {[%emt 0:00:03]} 28. Bg3 {[%emt 0:01:19]} Bf8 {[%emt 0:00:02]} 29. Nb3 {[%emt 0:06:00]} Kf7 {[%emt 0:00:52]} 30. a3 {[%emt 0:00:52]} Be6 {[%emt 0:03:53]} 31. Kg2 {[%emt 0:02:31]} Be7 {[%emt 0:00:29]} 32. h3 {[%emt 0:00:50]} h5 {[%emt 0:00:16]} 33. Bf2 {[%emt 0:02:44]} hxg4 {[%emt 0:04:01]} 34. hxg4 {[%emt 0:00:24]} Rh8 {[%emt 0:00:11]} 35. Bg3 {[%emt 0:02:14]} Rc8 {[%emt 0:00:35]} 36. Na5 {[%emt 0:01:24]} f5 {[%emt 0:04:17]} 37. gxf5 {[%emt 0:01:12]} Bxf5 {[%emt 0:00:01]} 38. Nb7 {[%emt 0:02:52]} g4 {[%emt 0:01:11]} 39. fxg4 {[%emt 0:00:55]} Be4+ {[%emt 0:00:14]} 40. Kf2 {[%emt 0:00:00]} Ke6 {[%emt 0:00:00]} 41. Nc5+ {[%emt 0:05:16]} Bxc5 {[%emt 0:00:54]} 42. dxc5 {[%emt 0:00:02]} Rxc5 {[%emt 0:00:10]} 43. Ke3 {[%emt 0:01:41]} a5 {[%emt 0:00:32]} 44. Rf1 {[%emt 0:02:06]} b4 {[%emt 0:02:04]} 45. axb4 {[%emt 0:00:12]} axb4 {[%emt 0:00:01]} 46. Be1 {[%emt 0:05:59]} b3 {[%emt 0:01:23]} 1/2-1/2

[Event "56th Rubinstein Memorial A 2020"]
[Site "Polanica Zdroj"]
[Date "2020.08.19"]
[Round "5.9"]
[White "Kowalczyk, Rafal"]
[Black "Polak, Michal"]
[Result "1-0"]
[WhiteElo "2268"]
[BlackElo "1878"]
[Annotator "ChessBase"]
[PlyCount "67"]
[EventDate "2020.08.15"]
[EventType "swiss"]
[EventCountry "POL"]
[SourceTitle "playchess.com"]
[Source "ChessBase"]
[SourceQuality "1"]
[TimeControl "40/5400+30:1800+30"]

1. e4 {[%emt 0:00:00]} c5 {[%emt 0:00:35]} 2. Nf3 {[%emt 0:00:42]} g6 {[%emt 0:00:25]} 3. d4 {[%emt 0:00:11]} cxd4 {[%emt 0:00:07]} 4. Nxd4 {[%emt 0:00:07]} Bg7 {[%emt 0:00:06]} 5. Nc3 {[%emt 0:00:43]} Nc6 {[%emt 0:00:10]} 6. Be3 {[%emt 0:00:08]} Nf6 {[%emt 0:00:06]} 7. Bc4 {[%emt 0:00:13]} O-O {[%emt 0:00:05]} 8. Bb3 {[%emt 0:00:09]} a5 {[%emt 0:00:41]} 9. O-O {[%emt 0:05:14]} a4 {[%emt 0:00:17]} 10. Nxa4 {[%emt 0:00:28]} Nxe4 {[%emt 0:00:13]} 11. Nb5 {[%emt 0:00:28]} d5 {[%emt 0:00:17]} 12. Bb6 {[%emt 0:00:33]} Qd7 {[%emt 0:00:28]} 13. Qe2 {[%emt 0:00:10]} e6 {[%emt 0:22:49]} 14. Rad1 {[%emt 0:05:49]} Na5 {[%emt 0:14:57]} 15. f3 {[%emt 0:06:43]} Nf6 {[%emt 0:06:52]} 16. Nc7 {[%emt 0:25:37]} Nxb3 {[%emt 0:01:39]} 17. cxb3 {[%emt 0:05:02]} Rxa4 {[%emt 0:07:02]} 18. bxa4 {[%emt 0:00:20]} Qxa4 {[%emt 0:00:41]} 19. b3 {[%emt 0:02:00]} Qc6 {[%emt 0:03:24]} 20. Qb5 {[%emt 0:07:02]} Bd7 {[%emt 0:03:27]} 21. a4 {[%emt 0:05:18]} Bh6 {[%emt 0:05:59]} 22. Qxc6 {[%emt 0:09:07]} Bxc6 {[%emt 0:00:15]} 23. Bd4 {[%emt 0:00:22]} Nd7 {[%emt 0:01:58]} 24. f4 {[%emt 0:00:39]} Rc8 {[%emt 0:09:09]} 25. Nb5 {[%emt 0:00:12]} g5 {[%emt 0:02:49]} 26. g3 {[%emt 0:06:14]} gxf4 {[%emt 0:02:06]} 27. gxf4 {[%emt 0:00:08]} f6 {[%emt 0:02:13]} 28. Nd6 {[%emt 0:06:26]} Ra8 {[%emt 0:01:02]} 29. Rd3 {[%emt 0:00:33]} Rf8 {[%emt 0:09:28]} 30. Re3 {[%emt 0:05:43]} e5 {[%emt 0:01:11]} 31. Rg3+ {[%emt 0:00:48]} Kh8 {[%emt 0:02:06]} 32. fxe5 {[%emt 0:00:11]} fxe5 {[%emt 0:02:03]} 33. Rxf8+ {[%emt 0:00:14]} Bxf8 {[%emt 0:00:23]} 34. Nf7# {[%emt 0:00:07]} 1-0

[Event "56th Rubinstein Memorial A 2020"]
[Site "Polanica Zdroj"]
[Date "2020.08.19"]
[Round "5.10"]
[White "Poltorak, Sebastian"]
[Black "Chomczyk, Marek"]
[Result "1/2-1/2"]
[WhiteElo "1974"]
[BlackElo "2221"]
[Annotator "TA"]
[PlyCount "148"]
[EventDate "2020.08.15"]
[EventType "swiss"]
[EventCountry "POL"]
[SourceTitle "playchess.com"]
[Source "ChessBase"]
[SourceQuality "1"]

{[%evp 25,148,45,48,48,75,63,65,57,95,82,101,110,110,48,60,53,52,6,39,28,35,35,19,-29,-29,-28,-27,-18,-20,-66,-54,-47,-32,-35,-34,-98,-81,-94,-107,-101,-101,-88,-77,-94,-76,-77,-74,-74,-76,-71,-71,-107,-102,-148,-109,-101,-100,-191,-183,-199,-195,-189,-187,-195,-174,-174,-173,-183,-182,-273,-181,-179,-170,-194,-191,-189,-180,-191,-181,-337,-341,-327,-243,-230,-132,-143,-133,-125,-141,-110,-114,-230,-228,-283,-283,-275,-268,-269,-265,-279,-275,-250,-225,-245,-215,-241,-233,-271,-252,-271,-227,-295,-258,-427,-427,-930,-845,-1428,-1188,-2038,-1930,-29980,-29981,-29977,-29978]} 1. d4 Nf6 2. c4 g6 3. f3 Bg7 4. e4 d6 5. Nc3 O-O 6. Nge2 c5 7. d5 e6 8. Ng3 exd5 9. cxd5 a6 10. a4 Nbd7 11. Be2 h5 12. O-O Rb8 13. Be3 Re8 14. Qd2 {A65: Modern Benoni: 6 e4.} Qc7 {[#]} 15. a5 $146 ({Predecessor:} 15. Nh1 c4 16. Nf2 Nc5 17. Rad1 b5 18. axb5 axb5 19. b4 Nb3 20. Qc2 Nd7 21. f4 {1-0 (34) Roubalik,J (2401)-Mladek,R (2280) Prague 2019}) 15... b5 16. axb6 $1 {White is slightly better.} Qxb6 17. Rfb1 a5 18. Nb5 Bb7 19. Qxa5 (19. Rxa5 Nxd5 20. Bf2 (20. exd5 Rxe3 21. Qxe3 Qxa5 $17) 20... h4 $15) ({White should try} 19. Rd1 $16) 19... Nxd5 $14 20. Qxb6 N7xb6 21. Bg5 Re5 22. f4 Rxg5 $1 23. fxg5 Nf4 {Threatens to win with ...h4.} 24. Bf1 h4 25. Ne2 Nxe2+ 26. Bxe2 Bxe4 27. Rd1 d5 {[%mdl 1024] Black has compensation.} 28. Rac1 Nd7 $36 {[%mdl 2048] White is under pressure.} 29. Rd2 Be5 {And now ...Bf4 would win.} 30. Rcd1 (30. Rf1 $15) 30... Bf4 31. Rxd5 Bxd5 32. Rxd5 {[#]} Nb6 $1 {[%cal Rb6d5]} 33. Rd1 Bxg5 34. b3 Kg7 35. Kf2 Bf4 36. g3 hxg3+ 37. hxg3 Be5 38. Rc1 Nd7 39. Bc4 Nf6 40. Kf3 Rh8 41. Re1 (41. Nc3 $17) 41... Rh5 $19 42. Rg1 Rf5+ 43. Ke2 Ng4 44. Rg2 Kh6 45. Na3 Kg5 46. Nc2 Bc7 47. Kd3 (47. Kd2 $142) 47... f6 48. Ke4 Bd6 49. Be2 {Threatening Bxg4.} Re5+ 50. Kf3 Re8 51. Bb5 Rb8 52. Bc4 $2 (52. Ba4) 52... Ne5+ 53. Ke4 Nxc4 54. bxc4 {[%mdl 4096] Endgame KRB-KRN} Re8+ (54... f5+ $19 55. Kd5 Rd8) 55. Kf3 $17 Be5 56. Rd2 {[#]} Rb8 $1 57. Rd5 Rb3+ 58. Ne3 (58. Ke4 $17 {was called for.}) 58... Kh6 $19 59. Ke4 Bd4 $1 ({Inferior is} 59... Bxg3 60. Ng4+ Kg7 61. Rd7+ Kf8 62. Nxf6 $11) 60. Ng4+ Kg7 {aiming for ...f5+.} 61. Rd7+ Kf8 {...f5+ is the strong threat.} 62. Kd5 Rxg3 63. Nh6 Be3 64. Nf7 Kg7 65. Ng5+ Kh6 66. Ne4 Rf3 67. Rd8 f5 68. Nd6 Bd4 69. Rg8 $2 (69. Nb7 {might work better.}) 69... Re3 70. Nf7+ (70. Rf8 $142 Kg5 71. Nb5) 70... Kh5 71. Rb8 f4 72. Rf8 f3 73. Nd8 Re5+ 74. Kd6 Rf5 {[%mdl 32768] Accuracy: White = 53%, Black = 83%. . An unexpected result.} 1/2-1/2